|
|
|
|
| LEADER |
00776nam a2200205 a 4500 |
| 001 |
GR-MES11013 |
| 008 |
061030s enk 000 0 gre d |
| 020 |
|
|
|a 0749437871
|
| 040 |
|
|
|a GrPaTEI
|b gre
|c GR-PaULI
|
| 040 |
|
|
|a GrPaTEI
|b gre
|c GR-PaULI
|
| 100 |
1 |
|
|a Barrett, J.
|
| 245 |
1 |
0 |
|a How to pass advanced aptitude tests /
|c Jim Barrett.
|
| 260 |
|
|
|a London :
|b Kogan Page,
|c c2002
|
| 300 |
|
|
|a 194σ. :
|b εικ. ;
|c 22εκ.
|
| 650 |
|
0 |
|a Vocational guidance
|
| 650 |
|
0 |
|a Vocational interests
|x Testing
|
| 942 |
|
|
|2 ddc
|
| 952 |
|
|
|0 0
|1 0
|2 ddc
|4 0
|6 153_940000000000000_BAR
|7 0
|9 270227
|a MSLG
|b MSLG
|c BSC
|d 2021-01-17
|e 24
|f 0
|g 0.00
|l 0
|o 153.94 BAR
|p 2420000020565
|r 2021-01-17 00:00:00
|t 1
|w 2021-01-17
|y BK15
|x 20061030 0 1
|x GrPaTEI
|
| 971 |
|
|
|a .b25770603
|b 15-04-20
|c 13-09-16
|
| 999 |
|
|
|c 156052
|d 156052
|